[Event "Guernsey Holiday op"]
[Site "Guernsey"]
[Date "2011.10.20"]
[Round "5"]
[White "Kaye, Michael J"]
[Black "Onwezen, Eric"]
[Result "0-1"]
[WhiteElo "1400"]
[BlackElo "1720"]
[PlyCount "32"]
[EventDate "2011.10.16"]
[EventType "swiss"]
[EventRounds "7"]
[EventCountry "GCI"]
[SourceTitle "EXT 2015"]
[Source "ChessBase"]
[SourceDate "2014.11.20"]
[SourceVersion "1"]
[SourceVersionDate "2014.11.20"]
[SourceQuality "1"]

1. d4 d5 2. Nf3 f5 3. e3 e6 4. Nbd2 c6 5. Ne5 Nf6 6. Be2 Bd6 7. c4 Bxe5 8. dxe5 Ne4 9. Bh5+ g6 10. Bf3 Nd7 11. g3 Nxe5 12. cxd5 exd5 13. Nxe4 fxe4 14. Be2 Bh3 15. Qd4 Qf6 16. Rg1 0-0 0-1

[Event "Guernsey Holiday op"]
[Site "Guernsey"]
[Date "2010.10.23"]
[Round "7"]
[White "De Silver, Arthur F"]
[Black "Onwezen, Eric"]
[Result "1/2-1/2"]
[WhiteElo "1592"]
[BlackElo "1673"]
[PlyCount "57"]
[EventDate "2010.10.17"]
[EventType "swiss"]
[EventRounds "7"]
[EventCountry "GCI"]
[SourceTitle "EXT 2013"]
[Source "ChessBase"]
[SourceDate "2012.11.22"]
[SourceVersion "1"]
[SourceVersionDate "2012.11.22"]
[SourceQuality "1"]

1. e4 e5 2. Bc4 Nc6 3. Nc3 Nf6 4. d3 Be7 5. f4 d6 6. Nf3 Bg4 7. h3 Bxf3 8. Qxf3 Na5 9. Bb3 Nxb3 10. axb3 Qd7 11. 0-0 Qc6 12. f5 a6 13. Qe2 b5 14. Nd1 a5 15. c4 bxc4 16. bxc4 0-0 17. Nc3 Rfb8 18. Nd5 Nxd5 19. cxd5 Qb6+ 20. Kh1 c5 21. Rb1 Qb3 22. Bd2 a4 23. Bc3 a3 24. Qd2 a2 25. Ra1 Ra4 26. Rfc1 h6 27. Qd1 Bg5 28. Qxb3 Rxb3 29. Re1 1/2-1/2

[Event "Guernsey Holiday op"]
[Site "Guernsey"]
[Date "2010.10.19"]
[Round "3"]
[White "Timmerman, Peter"]
[Black "Onwezen, Eric"]
[Result "1/2-1/2"]
[WhiteElo "1606"]
[BlackElo "1673"]
[PlyCount "46"]
[EventDate "2010.10.17"]
[EventType "swiss"]
[EventRounds "7"]
[EventCountry "GCI"]
[SourceTitle "EXT 2013"]
[Source "ChessBase"]
[SourceDate "2012.11.22"]
[SourceVersion "1"]
[SourceVersionDate "2012.11.22"]
[SourceQuality "1"]

1. e4 e5 2. Nf3 Nc6 3. d4 exd4 4. Bc4 Be7 5. c3 d3 6. Qxd3 d6 7. Bf4 Bf6 8. 0-0 Nge7 9. Na3 0-0 10. Nd4 Ng6 11. Nxc6 bxc6 12. Bg3 Qe7 13. Bb3 Re8 14. Rae1 a5 15. Nc2 Ba6 16. Bc4 Bxc4 17. Qxc4 c5 18. f3 Bh4 19. Ne3 Bxg3 20. hxg3 Qe6 21. Qxe6 fxe6 22. b3 Reb8 23. Rb1 Ne5 1/2-1/2

[Event "Guernsey Holiday op"]
[Site "Guernsey"]
[Date "2009.10.24"]
[Round "7"]
[White "Onwezen, Eric"]
[Black "Ruigrok, Jacques"]
[Result "0-1"]
[WhiteElo "1622"]
[BlackElo "1794"]
[PlyCount "30"]
[EventDate "2009.10.18"]
[EventType "swiss"]
[EventRounds "7"]
[EventCountry "GCI"]
[SourceTitle "EXT 2015"]
[Source "ChessBase"]
[SourceDate "2014.11.20"]
[SourceVersion "1"]
[SourceVersionDate "2014.11.20"]
[SourceQuality "1"]

1. e4 e5 2. Nf3 Nc6 3. Bb5 f5 4. Bxc6 dxc6 5. Nc3 Nf6 6. d3 fxe4 7. Nxe4 Nxe4 8. dxe4 Qxd1+ 9. Kxd1 Bg4 10. Ke2 Bd6 11. Bg5 h6 12. Bh4 Rf8 13. h3 Bh5 14. Rad1 Rf4 15. Bg3 Rxe4+ 0-1

[Event "Guernsey Holiday op 33rd"]
[Site "Guernsey"]
[Date "2007.10.25"]
[Round "5"]
[White "Gibson, John F"]
[Black "Onwezen, Eric"]
[Result "1-0"]
[WhiteElo "1759"]
[BlackElo "1621"]
[PlyCount "71"]
[EventDate "2007.10.21"]
[EventType "swiss"]
[EventRounds "7"]
[EventCountry "GCI"]
[SourceTitle "EXT 2022"]
[Source "ChessBase"]
[SourceDate "2021.10.06"]
[SourceVersion "1"]
[SourceVersionDate "2021.10.06"]
[SourceQuality "1"]

1. d4 d5 2. Nf3 Nf6 3. e3 Bf5 4. c4 c6 5. Qb3 Qc7 6. Nc3 e6 7. Bd2 Nbd7 8. Rc1 Qb6 9. c5 Qxb3 10. axb3 Be7 11. b4 a6 12. Be2 0-0 13. 0-0 Ne4 14. Ra1 f6 15. Nxe4 Bxe4 16. Bc3 Bxf3 17. Bxf3 e5 18. Ra2 e4 19. Be2 f5 20. Rfa1 Rab8 21. g3 g5 22. Bxa6 f4 23. Be2 fxe3 24. fxe3 Nf6 25. b5 cxb5 26. b4 h5 27. h3 Ne8 28. Bxh5 Ng7 29. Bg4 Nf5 30. Bxf5 Rxf5 31. Ra8 Rxa8 32. Rxa8+ Kf7 33. Kg2 Rf3 34. Bd2 g4 35. hxg4 Bg5 36. Ra7 1-0

[Event "Guernsey Holiday op 33rd"]
[Site "Guernsey"]
[Date "2007.10.21"]
[Round "1"]
[White "Welch, Hazel"]
[Black "Onwezen, Eric"]
[Result "0-1"]
[WhiteElo "1368"]
[BlackElo "1621"]
[PlyCount "74"]
[EventDate "2007.10.21"]
[EventType "swiss"]
[EventRounds "7"]
[EventCountry "GCI"]
[SourceTitle "EXT 2022"]
[Source "ChessBase"]
[SourceDate "2021.10.06"]
[SourceVersion "1"]
[SourceVersionDate "2021.10.06"]
[SourceQuality "1"]

1. d4 d5 2. Nf3 Nf6 3. c4 c6 4. g3 Bg4 5. Bg2 e6 6. 0-0 Be7 7. Nc3 0-0 8. Bg5 Nbd7 9. Rc1 Qa5 10. a4 Bxf3 11. Bxf3 dxc4 12. Bxf6 Nxf6 13. Qc2 Rfd8 14. Rfd1 Rd7 15. Na2 Rad8 16. Qxc4 Qb6 17. e3 Qxb2 18. Nc3 Qb4 19. Qa2 c5 20. Ne2 cxd4 21. exd4 Qa3 22. Qc2 Qxf3 23. Qb2 Ba3 24. Rc3 Qxf2+ 25. Kxf2 Bxb2 26. Rc4 Ng4+ 27. Kf3 h5 28. h3 Ne5+ 29. dxe5 Rxd1 30. Nf4 Bxe5 31. Nxh5 g6 32. Nf4 Bxf4 33. gxf4 R8d3+ 34. Kg4 Kg7 35. Rb4 b6 36. Rc4 Rh1 37. h4 Rg1# 0-1

[Event "Guernsey Holiday op"]
[Site "Grand Harve Bay"]
[Date "2006.10.21"]
[Round "7"]
[White "Brooker, Chris H"]
[Black "Onwezen, Eric"]
[Result "1/2-1/2"]
[WhiteElo "1700"]
[BlackElo "1630"]
[PlyCount "46"]
[EventDate "2006.10.15"]
[EventType "swiss"]
[EventRounds "7"]
[EventCountry "GCI"]
[SourceTitle "EXT 2008"]
[Source "ChessBase"]
[SourceDate "2007.11.25"]
[SourceVersion "1"]
[SourceVersionDate "2007.11.25"]
[SourceQuality "1"]

1. Nf3 e6 2. b3 d5 3. Bb2 Nf6 4. e3 c5 5. Ne5 Nc6 6. Nxc6 bxc6 7. d3 Bd6 8. f4 Qe7 9. Be5 Bxe5 10. fxe5 Nd7 11. d4 Qh4+ 12. Ke2 cxd4 13. Qxd4 Ba6+ 14. c4 Qh5+ 15. Kf2 Qxe5 16. Qxe5 Nxe5 17. cxd5 Bxf1 18. Rxf1 cxd5 19. Na3 0-0 20. Ke2 Rfc8 21. Rac1 a6 22. h3 Kf8 23. Kd2 Ke7 1/2-1/2

[Event "Guernsey Holiday op"]
[Site "Grand Harve Bay"]
[Date "2006.10.19"]
[Round "5"]
[White "Onwezen, Eric"]
[Black "Paardekam, Rene"]
[Result "1/2-1/2"]
[WhiteElo "1630"]
[BlackElo "1732"]
[PlyCount "45"]
[EventDate "2006.10.15"]
[EventType "swiss"]
[EventRounds "7"]
[EventCountry "GCI"]
[SourceTitle "EXT 2008"]
[Source "ChessBase"]
[SourceDate "2007.11.25"]
[SourceVersion "1"]
[SourceVersionDate "2007.11.25"]
[SourceQuality "1"]

1. e4 Nf6 2. Nc3 d5 3. exd5 Nxd5 4. Nxd5 Qxd5 5. d4 Nc6 6. Be3 Bf5 7. c3 e6 8. Nf3 Be7 9. Bd3 Bxd3 10. Qxd3 e5 11. Qf5 g6 12. Qh3 e4 13. Nd2 f5 14. Qh6 0-0-0 15. b4 Qf7 16. Nb3 Bf8 17. Qh3 Qc4 18. Rc1 Ne7 19. g3 Nd5 20. Qf1 Qc6 21. b5 Qf6 22. Qc4 Nb6 23. Qe2 1/2-1/2

[Event "Guernsey Holiday op"]
[Site "Grand Harve Bay"]
[Date "2006.10.16"]
[Round "2"]
[White "Onwezen, Eric"]
[Black "Gibson, John"]
[Result "1-0"]
[WhiteElo "1630"]
[BlackElo "1744"]
[PlyCount "77"]
[EventDate "2006.10.15"]
[EventType "swiss"]
[EventRounds "7"]
[EventCountry "GCI"]
[SourceTitle "EXT 2008"]
[Source "ChessBase"]
[SourceDate "2007.11.25"]
[SourceVersion "1"]
[SourceVersionDate "2007.11.25"]
[SourceQuality "1"]

1. e4 g6 2. d4 Bg7 3. c3 d6 4. Bc4 e6 5. Be3 Nd7 6. Qd2 Nb6 7. Bb3 a5 8. Ne2 a4 9. Bc2 Nc4 10. Qc1 Nxe3 11. Qxe3 Ne7 12. Nd2 Bd7 13. a3 0-0 14. f4 f5 15. h4 h5 16. g3 Kh8 17. Nf3 Ng8 18. Ng5 Nh6 19. e5 Ng4 20. Qd3 Qe8 21. c4 b5 22. Nc3 bxc4 23. Qxc4 Ne3 24. Qe2 Nxc2+ 25. Qxc2 Rb8 26. 0-0 Rb3 27. Rab1 dxe5 28. dxe5 Qe7 29. Rfd1 Bh6 30. Qe2 Bxg5 31. hxg5 Rfb8 32. Qd2 Bc6 33. Kh2 Qc5 34. Na2 Be4 35. Rbc1 Qb6 36. Nb4 c5 37. Qd7 cxb4 38. Rc8+ Rxc8 39. Qxc8+ 1-0